000 00511nam a2200181Ia 4500
001 21098
005 20260306172854.0
008 260306t2025||||xx |||||||||||||| ||spa||
041 _aESP
082 _a344
_bP45
100 _aPérez López, Jorge,
_eAUT
245 0 _aLa imputación objetiva en el derecho penal peruano :
_bcriterios de aplicación desarrollados por la Corte Suprema
260 _c2025
300 _a287 páginas :
_c25 cm.
650 _aGEN
654 _aCDE
942 _cLIB
_dJUS
_fJUS
_2ddc
_n
999 _c21098
_d21098